000 00643nam a2200253Ia 4500
001 397
005 20240113233413.0
007 ta
008 050111s1989 a g b000 u eng u
020 _a0-19-285455 -0
040 _aRef. stack
041 _aeng
082 _a921
_bSt 75 Fr
100 _aStorr, Anthony .
245 0 _aFreud: A very short introduction /
_cAnthony Storr.
_hTextual Documents
250 _a1st ed /
260 _aNew York :
_bOxford university ,
_c1989.
300 _a167p. :
_bill ;
_c1st ed .
653 _aBiography
942 _2ddc
_cBK
999 _c395
_d395